Oracle : Workgroup Server Handbook (Record no. 20635)
[ view plain ]
| 000 -LEADER | |
|---|---|
| fixed length control field | 00286nam a2200133Ia 4500 |
| 082 ## - DEWEY DECIMAL CLASSIFICATION NUMBER | |
| Classification number | 005.13 'O' |
| 100 ## - MAIN ENTRY--PERSONAL NAME | |
| Personal name | Cox/T.B. |
| 245 ## - TITLE STATEMENT | |
| Title | Oracle : Workgroup Server Handbook |
| 260 ## - PUBLICATION, DISTRIBUTION, ETC. | |
| Name of publisher, distributor, etc. | Osborne |
| Place of publication, distribution, etc. | Berkley |
| Date of publication, distribution, etc. | 1995 |
| 546 ## - LANGUAGE NOTE | |
| Language note | ENGLISH |
| 654 ## - SUBJECT ADDED ENTRY--FACETED TOPICAL TERMS | |
| Focus term | Computer |
| 942 ## - ADDED ENTRY ELEMENTS (KOHA) | |
| Koha item type | BOOK |
| Withdrawn status | Lost status | Damaged status | Not for loan | Collection | Home library | Current library | Date acquired | Source of acquisition | Cost, normal purchase price | Total Checkouts | Full call number | Barcode | Date last seen | Cost, replacement price | Price effective from | Koha item type | Shelving location |
|---|---|---|---|---|---|---|---|---|---|---|---|---|---|---|---|---|---|
| CRC | Fr. Agnel's C.Rodrigues College of Engineering | Fr. Agnel's C.Rodrigues College of Engineering | 17/03/2023 | global books | 821.60 | 005.13 'O' | 7290 | 17/03/2023 | 821.60 | BOOK | |||||||
| CRC | Fr. Agnel's C.Rodrigues College of Engineering | Fr. Agnel's C.Rodrigues College of Engineering | 17/03/2023 | global books | 886.60 | 5.13 PAN | 7564 | 17/03/2023 | 886.60 | 17/03/2023 | BOOK |